Neglected heterogeneity and dynamics in cross-country savings regressions

Na minha lista:
Detalhes bibliográficos
Autor principal: Haque, Nadeem Ul
Outros Autores: Pesaran, M. Hashem, Sharma, Sunil
Formato: Livro
Idioma:inglês
Publicado em: Washington International Monetary Fund 1999
Colecção:IMF Working Paper WP/99/128
Assuntos:
Tags: Adicionar Tag
Sem tags, seja o primeiro a adicionar uma tag!

MARC

LEADER 00000nam a2200000 4500
001 c123791
005 20221221083041.4
041 0 |a eng 
044 |a US 
245 1 0 |a Neglected heterogeneity and dynamics in cross-country savings regressions  |c Nadeem Ul Haque, M. Hashem Pesaran and Sunil Sharma 
264 1 |a Washington  |b International Monetary Fund  |c 1999 
300 |a 37 s. 
490 1 |a IMF Working Paper  |v WP/99/128 
830 0 |a IMF Working Paper  |v WP/99/128 
610 2 0 |a úspory 
610 2 0 |a regresia 
100 1 |a Haque, Nadeem Ul 
700 1 |a Pesaran, M. Hashem 
700 1 |a Sharma, Sunil